| Поле | Инд. | ПП | Название | Значение |
|---|---|---|---|---|
| Тип записи | a | |||
| Библиографический уровень | a | |||
| 001 | Контрольный номер | a897c09fdb1146adbadfcdceca200cba | ||
| 005 | Дата корректировки | 20241119170437.9 | ||
| 020 | a | ISBN | 978-5-7609-1948-9 | |
| 040 | a | Служба первич. каталог. | НБ ТвГУ | |
| b | Код языка каталог. | rus | ||
| e | Правила каталог. | PSBO | ||
| 041 | 0_ | a | Код языка текста | rus |
| 097 | b | Оператор | Komarova.ES | |
| 098 | b | Факультет | Филологический | |
| c | Кафедра | Филологических основ издательского дела и литературного творчества | ||
| 100 | 1_ | a | Автор | Комин Максим Вадимович |
| q | Полное имя | Комин М. В. | ||
| 245 | 10 | a | Заглавие | Круг как образ-символ в прозе В. П. Крапивина |
| 260 | a | Место издания | Тверь | |
| b | Издательство | Тверской государственный университет | ||
| 504 | a | Библиография | Библиогр.: с. 81 (8 назв.) | |
| 520 | 0_ | a | Аннотация | В статье рассмотрено символическое значение круга, колеса в произведениях Владислава Крапивина. Показано творческое переосмысление писателем аллегорических образов колеса Фортуны, колеса Судьбы, «защитного круга». Отмечено введение В.П. Крапивиным разумного Колеса как самобытного персонажа. Отражены связанные с символом круга, колеса мотивы: обретение гармонии, спасение, повторение истории. |
| 653 | 0_ | a | Ключевые слова | Персонажи |
| a | Ключевые слова | Труды Тверского государственного университета | ||
| a | Ключевые слова | Тверь, город | ||
| a | Ключевые слова | Круг | ||
| a | Ключевые слова | Колесо | ||
| a | Ключевые слова | Монета | ||
| 773 | 18 | w | Контрольный № источника | ec744190147346cfbe6a2919da268b9f |
| t | Название источника | Родная словесность в современном культурном и образовательном пространстве | ||
| d | Место и дата издания | Тверь : Тверской государственный университет, 2024 | ||
| g | Прочая информация | Вып. 13 (19) - С. 76-81 | ||
| 856 | 40 | u | URL | http://texts.lib.tversu.ru/texts/154051t.pdf |
| x | Примечание для ЭОР | Справка РИУ 2024 | ||
| x | Примечание для ЭОР | Реестр суммарного учета сетевых локальных документов | ||
| i | Дата подключения ЭОР | 20241119 | ||
| 901 | t | Тип документа | a | |
| 920 | a | Оператор | Кома | |
| 954 | b | Дата поступления в ОК | 20241105 |